01754cam a2200421Mc 4500003000900000005001700009008004100026020001500067020001800082035002700100040003300127082001700160245010000177264005200277300003900329336002100368337002500389338002300414490001800437504003900455505008500494520052200579526001001101526001001111526001001121526001001131526000801141526000801149526000801157526000801165526000801173526000801181526000801189653001701197653005101214700003501265700003201300PE-LiUPU20250731173006.0981109s1999 miu b 001 0 eng d a0310220173 a9780310220176 a(Sirsi) i9780310220176 aPE-LiUPUbspacPE-LiUPUerda04a231.7652bT400aThree views on creation and evolution /cJ.P. Moreland and John Mark Reynolds, general editors. 1aGrand Rapids, Michigan :bZondervan Pub,c1999. a296 páginas ;c21 centímetros. atext2rdacontent aunmediated2rdamedia avolume2rdacarrier0 aCounterpoints aBibliografía : páginas 279-2820 aYoung earth creationism -- Progressive creationism -- The fully gifted creation. aLa "serie de contrapuntos proporciona un foro para la comparación y crítica de diferentes puntos de vista sobre cuestiones teológicas importantes. Estas animadas discusiones de autores que han acordado estar en desacuerdo, ya que defienden sus puntos de vista ampliará su comprensión, sin tener en cuenta su propia posición. Así, encontrar estos libros estimulantes de gran valor para la preparación del sermón, el estudio personal y de grupo, y mantenerse al día en cuestiones teológicas clave. aSEG42 aSEG41 aSEG40 aSEG39 aP94 aP87 aP86 aP85 aP77 aP76 aP35 0aCreacionismo 0aEvoluciónaAspectos religiososaCristianismo1 aMoreland, James Porter,d1948-1 aReynolds, John Mark,d1963-